El infarto del alma
Salvato in:
| Autori principali: | , |
|---|---|
| Natura: | Libro |
| Lingua: | spagnolo |
| Pubblicazione: |
Santiago
Editorial Hueders
2017
|
| Edizione: | 1a. ed |
| Soggetti: | |
| Tags: |
Aggiungi Tag
Nessun Tag, puoi essere il primo ad aggiungerne!!
|
MARC
| LEADER | 00000cam a2200000 a 4500 | ||
|---|---|---|---|
| 001 | UCC0333 | ||
| 003 | CL-VaPUC | ||
| 008 | 170804e20170400cl |||||||||||||||||spa|d | ||
| 020 | |a 9789563650358 | ||
| 082 | 0 | 4 | |a 779.41 |b ELT |2 21 |
| 100 | |a Eltit, Diamela |e author |9 438400 | ||
| 700 | 0 | |a Errázuriz, Paz |e author |9 594245 | |
| 245 | 1 | 3 | |a El infarto del alma |
| 250 | |a 1a. ed | ||
| 300 | |a 81 p | ||
| 942 | |c BK | ||
| 945 | |d 20170804 10:39:00 |a arojas | ||
| 260 | |a Santiago |b Editorial Hueders |c 2017 | ||
| 650 | 7 | |a FOTOGRAFIA DE PERSONAS |2 CL-VaPUC |9 594246 | |
| 650 | 0 | |a Fotografías artísticas |9 535989 | |
| 583 | |a last modification |c 20170804 10:39:00 |k Rodrigo Vera | ||
| 999 | |c 369189 |d 369187 | ||
| 952 | |0 0 |1 0 |3 erb |4 0 |6 779_410000000000000_ELT_2017 |7 0 |8 R |9 484781 |a BIBART |b BIBART |i 5412684 |l 3 |o 779.41 ELT 2017 |p 5412684 |r 2025-03-13 |s 2021-10-01 |w 2019-11-24 |y BK_R |z Catalogado en:20170804 |k ART | ||
| 952 | |0 0 |1 0 |3 erb |4 0 |6 779_410000000000000_ELT_2017 |7 0 |8 R |9 484782 |a BIBART |b BIBART |i 5424771 |l 2 |o 779.41 ELT 2017 |p 5424771 |r 2025-03-13 |s 2023-04-13 |w 2019-11-24 |y BK_R |z Catalogado en:20170922 |k ART | ||